LEADER 01084nam a2200241 u 4500 001 000000006262 003 CaOOAMICUS 005 20070226104844.0 008 940907s1973 vc u000 u fre u 035 $a10160553 040 $aPUL$bita 100 1 $aAlfaro, Juan,$cS.I.,$d1914-$0(OLS)http://pul/name/4109 245 10$aChristianisme et justice. 260 $aCité du Vatican :$bCommission pontificale "Justice et paix",$c[1973] 300 $a57 [1] p. ;$c21 cm 490 1 $aLa justice dans le monde.$aSynode des évêques ;$v3 500 $aPubblicato anche in versione inglese, con titolo: Theology of justice in the world. 830 3$aLa justice dans le monde.$pSynode des évêques ;$v3.$0(OLS)http://pul/title/9210 850 $aPUL 852 $aPUL$W1$xDP1 Fondo Pastorale$y55$mP19 D 42$j8895$nBK-PRI$b $qFondi$B8895$CPULBib$Z2$F8895 $H $81 941 1 $a1 996 $6245$aChristianisme et justice$9(OLS)http://pul/title/9229 996 $6260$aCité du Vatican :$bCommission pontificale "Justice et paix"$9(OLS)http://pul/publisher/51205 LEADER 01401nam a2200313 a 4500 001 000000170100 003 CaOOAMICUS 005 20181024092343.0 008 181024s2018 vc u000 u ita r 020 $a978-88-465-1237-6* 032 $aLibriCat 040 $aPUL$bita 082 04$a340 245 00$aCredito ai consumatori e reti distributive: discipline applicabili e vigilanza /$cMaddalena Marchesi (ed.) 260 $aCittà del Vaticano :$bLateran University Press,$c©2018. 300 $aXII, 224 p. ;$c24 cm. 490 1 $aLineamenta iuris.$aLe fonti ;$v15 504 $aInclude riferimenti bibliografici ed indice. 650 4$aCredito.$0(OLS)http://pul/subject/14360 700 1 $aMarchesi, Maddalena.$0(OLS)http://pul/name/109450 830 0$aLineamenta iuris.$pLe fonti ;$v15.$0(OLS)http://pul/title/154342 850 $aPUL 852 $aPUL$W1$xSL Diritto e Scienze Sociali 3$y79$m340 COLL 2.15$j193038$qDDC 21$B198342$CPULBib$Z2$F198342 $H131471 $81 941 1 $a9 996 $6020$a978-88-465-1237-6*$9(OLS)http://pul/number/165033 996 $6082$a340$9(OLS)http://pul/classification/419 996 $6245$aCredito ai consumatori e reti distributive: discipline applicabili e vigilanza$9(OLS)http://pul/title/210806 996 $6260$aCittà del Vaticano :$bLateran University Press$9(OLS)http://pul/publisher/74585